Normal view
MARC view
Entry Personal Name
001 - CONTROL NUMBER
- control field: 12966
003 - CONTROL NUMBER IDENTIFIER
- control field: OSt
005 - DATE AND TIME OF LATEST TRANSACTION
- control field: 20191001123109.0
008 - FIXED-LENGTH DATA ELEMENTS
- fixed length control field: 191001|| aca||aabn | a|a d
040 ## - CATALOGING SOURCE
- Original cataloging agency: OSt
- Transcribing agency: OSt
100 ## - HEADING--PERSONAL NAME
- Personal name: Editors Jeffrey, A. Lieberman; Robin, M Murray
670 ## - SOURCE DATA FOUND
- Source citation: Work cat.: (OSt)29: Editors Jeffrey, A. Lieberman; Robin, M Murray, Comprehensive care of Schizophrenia:, 2001.
